| 000 | 00782nam a22002417a 4500 | ||
|---|---|---|---|
| 001 | 3558 | ||
| 003 | FISKH | ||
| 005 | 20240321145604.0 | ||
| 008 | 240320b cb ||||| |||| 00| 0 eng d | ||
| 040 |
_aFISK _beng _cFISK _dFISK |
||
| 050 | _aPZ7.L97914 | ||
| 082 | _a813.54 | ||
| 100 |
_aLupica Mike _d1952- |
||
| 245 |
_aThe batboy / _cMike Lupica |
||
| 260 |
_aNew York : _bScholastic, _c2011 |
||
| 300 |
_a247 pages : _c20 cm |
||
| 505 | _aS | ||
| 520 | _aEven though his mother feels baseball ruined her marriage to his father, she allows fourteen-year-old Brian to become a bat boy for the Detroit Tigers, who have just drafted his favorite player back onto the team. | ||
| 521 | 8 |
_a940 _bLexile |
|
| 700 | _aMike Lupica | ||
| 942 |
_2ddc _cBK _n0 |
||
| 999 |
_c3558 _d3558 |
||